ระบบห้องสมุดอัตโนมัติ ULibM
วิทยาลัยพยาบาลบรมราชชนนี พระพุทธบาท
เปลี่ยนเป็นภาษาไทย

Change to English
 แสดงรายละเอียดบรรณานุกรม
  กลับหน้าหลัก

Brief Record : Get Marc (ISO 2709) : E-mail record : QR code ปิดหน้าต่าง
E-books : เกี่ยวกับ Collections
LEADER 00000nam 2200000uu 4500
001    13399122351
003     ULIBM
008    121155s2009 th a 000 0 eng d
020    9780781780667
100    Bickley, Lynn S.,
245    Bates' pocket guide to physical examination and history taking
250    6th ed
260    China :^bLippincott Williams,^c2009
300    453 pages
700 0  Szilagyi, Peter G.
945    ^p0^l0^i012943
999    ^aน.ส.สุพรรษา เริงรื่น
รายการนี้ยังไม่มีแท็ก
คุณยังไม่ได้ล็อกอิน คุณสามารถมีกิจกรรมร่วมกับเว็บไซต์ได้ แต่ต้องล็อกอินก่อน ::
  ล็อกอิน
ลำดับที่ ประเภท เลขเรียก สถานที่ สถานะ
1.
WB39 B583b 2009  
  
วิทยาลัยพยาบาลบรมราชชนนี พระพุทธบาท
►หนังสือทั่วไป
On Shelf
   [แสดง 1/1 รายการ]

Bib 13399122351